Pozorovacie okienko (na dverách) - špiónka

Bibliographic Details
Main Author: Dvonč, Ladislav, 1926-2003 (Author)
Format: Article
Language:Slovak

MARC

LEADER 00000nab a2200000ua 4500
001 vtls010766279
003 SK-MaSNL
005 20260304200223.0
008 250718s1968 xo |||||||||||||||||slo|
035 |a (urnnbn)urn:nbn:sk:snk:ar-004cen 
035 |a urn:nbn:sk:snk-ab5gog 
035 |a (uuid)fa58a524-4c10-424d-88d1-c9dafb5e7688 
040 |a SNKBUCL  |b slo  |c SNKBUCL  |e AACR2 
041 0 |a slo 
044 |a xo  |c SK 
100 1 |a Dvonč, Ladislav,  |d 1926-2003  |4 aut  |9 101854 
245 1 0 |a Pozorovacie okienko (na dverách) - špiónka  |c Ladislav Dvonč 
773 0 |t Kultúra slova : vedecko-popularizačný časopis pre jazykovú kultúru a terminológiu : orgán Jazykovedného ústavu Ľudovíta Štúra SAV, Jazykového odboru Matice slovenskej a Ústrednej jazykovej rady  |g Roč. 2, č. 1 (1968), s. 15-21 
850 |a Slovenská národná knižnica 
852 |a Slovenská národná knižnica 
954 |a odborná, vedecká literatúra pôvodná (slovenská)  |2 lita 
958 |a article5 
958 |a OND 
958 |a EUIPO 
999 |c 3086421  |d 3088351